Las leyes
-д хадгалсан:
| Үндсэн зохиолч: | |
|---|---|
| Формат: | Ном |
| Хэл сонгох: | испани |
| Хэвлэсэн: |
Madrid
Instituto de Estudios Políticos
1960
|
| Цуврал: | Clásicos políticos
|
| Нөхцлүүд: | |
| Шошгууд: |
Шошго нэмэх
Шошго байхгүй, Энэхүү баримтыг шошголох эхний хүн болох!
|
MARC
| LEADER | 00000nam a2200000 a 4500 | ||
|---|---|---|---|
| 001 | UCY6264 | ||
| 003 | CL-VaPUC | ||
| 008 | 950521e19600000SP |||||||||||||||||spa|d | ||
| 082 | 0 | 4 | |a 184 |b PLA |2 21 |
| 100 | 0 | |a Platón |e author |9 222 | |
| 245 | 1 | 4 | |a Las leyes |
| 300 | |a 2 v | ||
| 942 | |c BK | ||
| 945 | |d 19950521 00:00:00 |a oaravena | ||
| 260 | |a Madrid |b Instituto de Estudios Políticos |c 1960 | ||
| 650 | 0 | |a Filosofía |9 223554 | |
| 650 | 0 | |a Filosofía antigua |9 255705 | |
| 650 | 7 | |a LEGISLACION |2 CL-VaPUC |9 336116 | |
| 650 | 7 | |a FILOSOFIA POLITICA |2 CL-VaPUC |9 336117 | |
| 651 | 0 | |a Grecia |9 265314 | |
| 583 | |a last modification |c 19950521 00:00:00 |k Rodrigo Vera | ||
| 490 | 0 | |a Clásicos políticos | |
| 999 | |c 233842 |d 233840 | ||
| 952 | |0 0 |1 0 |4 0 |6 184_000000000000000_PLA_1960 |7 0 |8 A |9 239630 |a BIBEDU |b BIBEDU |d 2019-11-18 |h v.1 |i 1506382 |o 184 PLA 1960 |p 1506382 |r 2019-11-18 |w 2019-11-18 |y BK |k FIL | ||
| 952 | |0 0 |1 0 |4 0 |6 184_000000000000000_PLA_1960 |7 0 |8 A |9 239631 |a BIBEDU |b BIBEDU |d 2019-11-18 |h v.2 |i 1506390 |l 1 |o 184 PLA 1960 |p 1506390 |r 2024-05-13 |s 2024-05-06 |w 2019-11-18 |y BK |k FIL | ||
| 952 | |0 0 |1 0 |4 0 |6 184_000000000000000_PLA_1960 |7 0 |8 A |9 239632 |a BIBDER |b BIBDER |d 2019-11-18 |h v.1 |i 1862464 |o 184 PLA 1960 |p 1862464 |r 2023-01-25 |w 2019-11-18 |y BK |k DER | ||
| 952 | |0 0 |1 0 |4 0 |6 184_000000000000000_PLA_1960 |7 0 |8 A |9 239633 |a BIBDER |b BIBDER |d 2019-11-18 |h v.2 |i 1862472 |o 184 PLA 1960 |p 1862472 |r 2023-01-25 |w 2019-11-18 |y BK |k DER | ||